000
00296nam a2200121Ia 4500
999
_c
14195
_d
14195
008
260210s9999 xx 000 0 und d
020
_a
9781682866832
082
_a
624.1762
100
_a
Galea
245
0
_a
Earthquake Research:Challenges And Concern
260
_b
Syrawood
942
_c
BPLAN
_2
ddc